000 00711nam a2200289Ia 4500
005 20260324144657.0
008 008 260324s9999 xx 000 0 eng d
020 _a9781315493657
037 _aEBOOK
040 _aCRL
040 _beng
040 _cCRL
041 _2eng
041 _aeng
084 _qCRL
100 _aHeyward Isham; Maurice Friedberg
_91220202
245 0 _aSoviet Society Under Gorbachev
245 0 _bCurrent Trends and the Prospects for Change
260 _bTaylor and Francis
260 _c1987
365 _a
365 _b145
856 _uhttp://www.taylorfrancis.com/books/9781315493657
942 _cEBOOK
999 _c1827109
_d1827109